00358 a2200109 4500001001000000005001700010008004100027245007700068100001800145773006800163999001700231ART_1242820260410161906.0260409a 10aOn maximum likehood estimation of stochastic frontier productions models1 aLee, Lung-Fei0 tJournal of econometricsg- Vol. 23, NÂș 2 (oct. 1983)wREV11720 c26357d26357